Score 0/36 Timer 08:00
4 Plays Today
% Correct
Niger
91%
Nigeria
90.6%
Albania
88.4%
California
86.4%
Virginia
85.7%
West Virginia
85.3%
Nicaragua
85.1%
United Kingdom
84.3%
United States
84%
United Arab Emirates
83.3%
Armenia
83.1%
Afghanistan
81.2%
Estonia
79.8%
Lithuania
79.4%
Tunis
79.1%
Tunisia
78.6%
Bosnia and Herzegovina
78.5%
Dominica
78.3%
% Correct
Dominican Republic
78.1%
Turkmenistan
76.8%
Romania
76.7%
Benin
76.4%
Pennsylvania
76.2%
Slovenia
75.8%
Tanzania
73.5%
Trinidad and Tobago
73.4%
Mauritania
73.1%
Nicosia
72.9%
Macedonia
69.6%
Niamey
69.1%
Manila
60%
Vilnius
58.7%
Phoenix
57.8%
Moroni
56.9%
Solomon Islands
51.4%
Honiara
49.9%
Remove Ads.
Support Sporcle.
Get the best of Sporcle when you Go Orange. This ad-free experience offers more features, more stats, and more fun while also helping to support Sporcle. Thank you for becoming a member.

You're not logged in!

Compare scores with friends on all Sporcle quizzes.
OR
Log In

Sporcle TV

Today on Sporcle TV


Watch our educational content, quiz creation guides, and fun videos on Sporcle TV.

Show Comments

Extras

Top Quizzes Today


Score Distribution

Paid Content

Your Account Isn't Verified!

In order to create a playlist on Sporcle, you need to verify the email address you used during registration. Go to your Sporcle Settings to finish the process.

Report this User

Report this user for behavior that violates our Community Guidelines.

Details: